000 00366nam a22001697a 4500
003 UA-OsUOA
001 1615
007 ta
008 20050721b un ||||| |||| 00| 0 ukr d
100 _aBoulle
700 _aPierre
942 _cBK
040 _aUA-OsUOA
_cUA-OsUOA
_dUA-OsUOA
245 _aThe Whale of the Victoria Cross.
_bFiction
955 _a2
650 7 _2UDC
999 _c287777
_d287777